[Event "AUTO-ADV-2337"]
[Site "http://www.queenalice.com/game.php?id=1007224"]
[Date "2011.11.11"]
[Round "1"]
[White "Marcvs"]
[Black "Mick_Gray"]
[Result "0-1"]
[WhiteElo "1511"]
[BlackElo "1841"]

1. e4 d6 2. d4 f5 3. Nc3 Nf6 4. Bd3 e5 5. dxe5 dxe5 6. Bb5+ Bd7 7. Qxd7+ Nbxd7
8. exf5 Bc5 9. Bg5 c6 10. Bd3 O-O 11. Nf3 h6 12. Bd2 Ng4 13. O-O-O Nxf2 14. g4
Nxh1 15. Rxh1 Bd4 16. h4 g6 17. Bxh6 Re8 18. fxg6 Nc5 19. Bg5 Qa5 20. Ne4 Nxe4
21. Bxe4 Qxa2 22. Kd2 Rad8 0-1

[Event "AUTO-ADV-2337"]
[Site "http://www.queenalice.com/game.php?id=1007225"]
[Date "2011.11.11"]
[Round "1"]
[White "Mick_Gray"]
[Black "Marcvs"]
[Result "1-0"]
[WhiteElo "1844"]
[BlackElo "1508"]

1. f4 d5 2. e3 Nf6 3. c4 e6 4. Nc3 Bb4 5. Qc2 c6 6. d4 Bxc3+ 7. Qxc3 Ne4 8. Qc2
Qe7 9. c5 b6 10. b4 b5 11. Nf3 h6 12. Bd3 Nf6 13. O-O Nh5 14. e4 Na6 15. e5 Nxb4
16. Qb1 a5 17. f5 g6 18. fxg6 fxg6 19. Bxg6+ Kd7 20. Bxh5 Qg7 21. Nh4 Qg4 22.
Bxg4 1-0

[Event "AUTO-ADV-2338"]
[Site "http://www.queenalice.com/game.php?id=1007512"]
[Date "2011.11.12"]
[Round "1"]
[White "Marcvs"]
[Black "rpalmero"]
[Result "0-1"]
[WhiteElo "1612"]
[BlackElo "1938"]

1. e4 c5 2. Nc3 e6 3. Nf3 a6 4. d4 cxd4 5. Nxd4 Qc7 6. Bd3 Nc6 7. Be3 Nf6 8. Qe2
b6 9. O-O Bd6 10. Nf3 Bb7 11. Bg5 Ng4 12. g3 Nge5 13. Nxe5 Nxe5 14. Bf4 Nxd3 15.
Bxd6 Qxd6 16. cxd3 Rc8 17. Rfc1 Ke7 18. e5 Qd4 19. Nd1 Qd5 20. f3 Qxf3 21. Qxf3
Bxf3 22. Ne3 Rc6 23. Nc4 Be2 24. d4 Rxc4 0-1

[Event "AUTO-ADV-2338"]
[Site "http://www.queenalice.com/game.php?id=1007513"]
[Date "2011.11.12"]
[Round "1"]
[White "rpalmero"]
[Black "Marcvs"]
[Result "1-0"]
[WhiteElo "1948"]
[BlackElo "1609"]

1. e4 e5 2. Nf3 Nc6 3. c3 Nf6 4. Qc2 d5 5. exd5 Nxd5 6. Bc4 Be6 7. Qb3 b6 8. O-O
Bc5 9. d3 Qd6 10. Ng5 O-O-O 11. Nxe6 fxe6 12. Bg5 Rdf8 13. Nd2 h6 14. Ne4 Qd7
15. Nxc5 Qd6 16. Ba6+ Kb8 17. Ne4 Qd7 18. Be3 Nxe3 19. fxe3 g5 20. Bb5 Kb7 21.
Bxc6+ Qxc6 22. Rxf8 Rxf8 23. Rf1 Rg8 24. Rf6 Qd5 25. Nf2 Qd8 26. Qxe6 Re8 27.
Qc6+ 1-0

[Event "AUTO-ADV-2338"]
[Site "http://www.queenalice.com/game.php?id=1007514"]
[Date "2011.11.12"]
[Round "1"]
[White "Marcvs"]
[Black "spin27"]
[Result "0-1"]
[WhiteElo "1529"]
[BlackElo "1721"]

1. e4 e5 2. Nf3 Nc6 3. Nc3 Bc5 4. Bb5 Nge7 5. d3 O-O 6. Bxc6 Nxc6 7. Qe2 d6 8.
Be3 Bxe3 9. Qxe3 f5 10. exf5 Bxf5 11. O-O-O Bg4 12. h3 Bxf3 13. gxf3 Nd4 14.
Rdg1 Nxf3 15. Rg3 Nh4 16. Qe4 c6 17. Rf1 Qf6 18. f3 Nf5 0-1

[Event "AUTO-ADV-2338"]
[Site "http://www.queenalice.com/game.php?id=1007515"]
[Date "2011.11.12"]
[Round "1"]
[White "spin27"]
[Black "Marcvs"]
[Result "1-0"]
[WhiteElo "1712"]
[BlackElo "1538"]

1. e4 e5 2. Nc3 Nc6 3. Bc4 Bb4 4. Nge2 Nf6 5. O-O Nd4 6. Nxd4 exd4 7. Nd5 Nxd5
8. Bxd5 c6 9. Bb3 d6 10. Qf3 f6 11. d3 Qe7 12. Bf4 Be6 13. Bxe6 Qxe6 14. a3 Ba5
15. Qg3 g5 16. Bxd6 h5 17. Bc5 Qe5 18. Qxe5+ fxe5 19. Bd6 1-0

[Event "AUTO-ADV-2339"]
[Site "http://www.queenalice.com/game.php?id=1007693"]
[Date "2011.11.12"]
[Round "1"]
[White "Mateuzao_99"]
[Black "Marcvs"]
[Result "0-1"]
[WhiteElo "1813"]
[BlackElo "1593"]

1. e4 e5 2. Bc4 Nf6 3. d4 Nxe4 4. Nf3 exd4 5. Qxd4 Nd6 6. O-O Nxc4 7. Re1+ Be7
8. Qxc4 d5 9. Qh4 Be6 10. Rxe6 fxe6 11. Qh5+ g6 12. Qe5 Kd7 13. Nc3 Nc6 14. Bh6
Nxe5 0-1

[Event "AUTO-ADV-2339"]
[Site "http://www.queenalice.com/game.php?id=1007694"]
[Date "2011.11.12"]
[Round "1"]
[White "Marcvs"]
[Black "Mateuzao_99"]
[Result "0-1"]
[WhiteElo "1621"]
[BlackElo "1790"]

1. e4 d5 2. Nc3 dxe4 3. Nxe4 e5 4. Nf3 Nf6 5. d3 Nxe4 6. dxe4 Qxd1+ 7. Kxd1 f6
8. Bd3 Bc5 9. c4 Bxf2 10. Bd2 Bg4 11. h3 Be6 12. Ke2 Bc5 13. b4 Be7 14. c5 Nd7
15. a4 O-O 16. g4 Rfe8 17. Rag1 Nf8 18. h4 Ng6 19. h5 Nf4+ 20. Bxf4 exf4 21. g5
Bd7 22. h6 Bxa4 23. gxf6 Bxf6 24. hxg7 Bc6 25. Ng5 Bxg5 26. Rxg5 Bxe4 27. Bxe4
Rxe4+ 28. Kf3 Rxb4 29. Rxh7 Kxh7 30. Kg4 Rg8 0-1

[Event "AUTO-ADV-2339"]
[Site "http://www.queenalice.com/game.php?id=1007708"]
[Date "2011.11.12"]
[Round "1"]
[White "Marcvs"]
[Black "merdanata"]
[Result "0-1"]
[WhiteElo "1517"]
[BlackElo "1862"]

1. e4 e5 2. Nf3 Nf6 3. Nc3 d6 4. d4 Bg4 5. dxe5 Bxf3 6. Qxf3 dxe5 7. Bd3 Nc6 8.
Bg5 Be7 9. Bxf6 Bxf6 10. O-O Nd4 0-1

[Event "AUTO-ADV-2339"]
[Site "http://www.queenalice.com/game.php?id=1007715"]
[Date "2011.11.12"]
[Round "1"]
[White "Tinoco"]
[Black "Marcvs"]
[Result "1-0"]
[WhiteElo "1875"]
[BlackElo "1513"]

1. e4 e5 2. Nf3 Nc6 3. Bb5 d6 4. Nc3 Bd7 5. h3 a6 6. Ba4 b5 7. Bb3 Nf6 8. Ng5
Be6 9. Nxe6 fxe6 10. Bxe6 Nd4 11. Nd5 Nxe6 12. Nxf6+ Qxf6 13. Qh5+ 1-0

[Event "AUTO-ADV-2339"]
[Site "http://www.queenalice.com/game.php?id=1007716"]
[Date "2011.11.12"]
[Round "1"]
[White "Marcvs"]
[Black "Tinoco"]
[Result "0-1"]
[WhiteElo "1515"]
[BlackElo "1873"]

1. e4 c5 2. Nc3 e6 3. Nf3 a6 4. Bc4 b5 5. Be2 Nc6 6. d4 cxd4 7. Nxd4 Bb7 8. Be3
Bb4 9. O-O Bxc3 10. bxc3 Nf6 11. a4 Nxe4 12. axb5 Nxc3 13. Qd3 Nxe2+ 0-1

[Event "Challenge"]
[Site "http://www.queenalice.com/game.php?id=1345086"]
[Date "2015.3.2"]
[Round "-"]
[White "Sonia"]
[Black "Marcvs"]
[Result "1-0"]
[WhiteElo "1567"]
[BlackElo "1460"]

1. e4 e5 2. Nf3 f6 3. a3 d5 4. Nc3 d4 5. Nd5 c6 6. Nb4 Be6 7. Nd3 c5 8. b4 c4 9.
Nc5 Bxc5 10. bxc5 Na6 11. a4 Qa5 12. Be2 Nxc5 13. O-O Nh6 14. d3 g5 15. dxc4 O-O
16. Bd2 Qc7 17. h3 Nf7 18. Bd3 a5 19. Rb1 h5 20. Nh2 h4 21. Qh5 Nd6 22. Ra1 Qh7
23. Qf3 Bd7 24. Ng4 Bxg4 25. Qxg4 Ncxe4 26. Bc1 Rac8 27. Ba3 Rf7 28. Bxd6 Nxd6
29. Bxh7+ Kxh7 30. Qe6 1-0

[Event "Challenge"]
[Site "http://www.queenalice.com/game.php?id=1345088"]
[Date "2015.3.2"]
[Round "-"]
[White "Nikita"]
[Black "Marcvs"]
[Result "1-0"]
[WhiteElo "1609"]
[BlackElo "1452"]

1. e4 e5 2. Bc4 f6 3. Bxg8 Rxg8 4. d3 c5 5. Nc3 d6 6. Nf3 Be6 7. Be3 a6 8. O-O
Nc6 9. a4 h6 10. Nh4 g5 11. Nf3 h5 12. h4 g4 13. Nh2 f5 14. Bg5 Be7 15. Bxe7
Qxe7 16. Nd5 Bxd5 17. exd5 Na7 18. f4 O-O-O 19. fxe5 dxe5 20. Rxf5 Rh8 21. g3
Rxd5 22. Qf1 Nc6 23. c4 Rxd3 24. Qxd3 Nd4 25. Rg5 e4 26. Qc3 Qc7 27. b4 Ne2+ 28.
Kf1 Nxc3 29. Rxc5 Qxc5 30. bxc5 Rd8 31. Re1 Rd4 32. Re3 Rxc4 33. a5 Rxc5 34. Kf2
Rc4 35. Nf1 Nd1+ 36. Ke2 Nxe3 37. Nxe3 Rc5 38. Kd2 Rxa5 39. Nc4 Rc5 40. Na3 b5
41. Ke2 b4 42. Nb1 1-0

[Event "Challenge"]
[Site "http://www.queenalice.com/game.php?id=1346362"]
[Date "2015.3.8"]
[Round "-"]
[White "ORNELAS"]
[Black "Marcvs"]
[Result "1-0"]
[WhiteElo "1624"]
[BlackElo "1439"]

1. Nf3 d5 2. d4 Bg4 3. Ne5 Bf5 4. Bf4 f6 5. Nf3 c6 6. Nh4 g5 7. Nxf5 gxf4 8. Qd3
Nh6 9. Nxh6 Bxh6 10. Qf5 Bg5 11. Nd2 Qd7 12. Qd3 Na6 13. Nf3 h6 14. Qg6+ Kd8 15.
Nxg5 hxg5 16. Qg7 Kc7 17. Qg6 Rag8 18. Qd3 f5 19. O-O-O b5 20. Qa3 Kb7 21. Qa5
Qc7 22. Qc3 Rh6 23. e3 fxe3 24. fxe3 Rxh2 25. Rxh2 Qxh2 26. Qb3 Nc7 27. Qb4 Re8
28. b3 Qg3 29. Kb2 e5 30. a4 a6 31. axb5 cxb5 32. Rd3 e4 33. Rc3 Qf2 34. Qc5 Re7
35. Qc6+ Ka7 36. Bxb5 1-0

[Event "Challenge"]
[Site "http://www.queenalice.com/game.php?id=1347652"]
[Date "2015.3.15"]
[Round "-"]
[White "Marcvs"]
[Black "Sonia"]
[Result "0-1"]
[WhiteElo "1448"]
[BlackElo "1613"]

1. e4 e5 2. Nf3 Nc6 3. d4 exd4 4. Nxd4 Nxd4 5. Qxd4 Qe7 6. Bd3 c5 7. Qe3 b6 8.
c4 h6 9. Nc3 Nf6 10. Nb5 Kd8 11. f3 d6 12. b3 Qe5 13. Rb1 a6 14. Na3 Qc3+ 15.
Qd2 Qe5 16. Bb2 Qh5 17. h3 Qh4+ 18. Qf2 Qxf2+ 19. Kxf2 Nh5 20. g3 Be7 21. Bc1
Nf6 22. g4 Ng8 23. Nc2 a5 24. a4 Bf6 25. Ne3 Bd4 26. Bb2 Bxe3+ 27. Kxe3 f6 28.
h4 Ne7 29. h5 Nc6 30. Bc3 Re8 31. Rbg1 Nb4 32. Bxb4 axb4 33. f4 Ra7 34. Kd2 Ree7
35. f5 Rad7 36. Ra1 Bb7 37. Ke3 d5 38. cxd5 Bxd5 39. Kf4 Bxb3 40. Bb5 Rd4 41.
Bc6 Bc2 42. a5 Bxe4 43. Bxe4 Rdxe4+ 44. Kg3 b5 45. a6 Ra7 46. Rhd1+ Kc7 0-1